Geography Quiz

Random Geography or City Quiz
Score 0/30 Timer 07:00
0 Plays Today
Population City % Correct
8,193,718New York
98.3%
3,433,473Montreal
89.8%
8,165,885Lima
86.4%
5,210,090Toronto
86.4%
620,844Boston
86.4%
7,539 293Bogota
83.1%
5,279,190Santiago
82.2%
696,206Santiago
82.2%
1,522,647Philadelphia
80.5%
603,860Washington
74.6%
1,777,672Quito
73.7%
945,438Ottawa
67.8%
2,277,956Cali
62.7%
613,984Baltimore
62.7%
2,420,333Medellin
60.2%
Population City % Correct
703,415Quebec
58.5%
2,440,127Guayaquil
57.6%
807,301Port-au-Prince
49.2%
576,946Kingston
49.2%
2,386,461Maracaibo
41.5%
943,163Cartagena
39.8%
1,144,301Barranquilla
37.3%
674,915Hamilton
34.7%
969,763Arequipa
33.9%
892,175Trujillo
24.6%
540,706Chiclayo
12.7%
886,132Puente Alto
10.2%
617,932Cucuta
8.5%
541,511Carrefour
7.6%
617,174Soledad
6.8%
Remove Ads.
Support Sporcle.
Get the best of Sporcle when you Go Orange. This ad-free experience offers more features, more stats, and more fun while also helping to support Sporcle. Thank you for becoming a member.

You're not logged in!

Compare scores with friends on all Sporcle quizzes.
OR
Log In

Show Comments

Extras

Top Quizzes Today


Score Distribution

Your Account Isn't Verified!

In order to create a playlist on Sporcle, you need to verify the email address you used during registration. Go to your Sporcle Settings to finish the process.

Report this User

Report this user for behavior that violates our Community Guidelines.

Details: